| 000 | 01049cam a2200229 4500 | ||
|---|---|---|---|
| 001 | WB3734-22 | ||
| 008 | 010911n2001 000 0 eng u | ||
| 035 | _a(Sirsi) u114529 | ||
| 245 | _aLandlords fail Disability Act | ||
| 260 | _c2001 | ||
| 490 |
_aProperty Week _v66(36) 7 September 2001, 8(1) |
||
| 520 | _aA survey of 500 UK property developers and landlords by CMS Cameron McKenna found that 21% have not yet made preparations to comply with the Disability Discrimation Act Part 3 which comes into force on 1 October 2001. Landlords who fail to facilitate disabled access by making physical alterations to the building or alternative provisions could be open to legal action. | ||
| 590 | _aWB | ||
| 650 | _aMANAGEMENT-BUSINESS MANAGEMENT-DISCRIMINATION-DISABILITY DISCRIMINATION-ACCESSIBILITY | ||
| 650 | _aALTERATIONS | ||
| 650 | _aSERVICE PROVIDERS | ||
| 650 | _aDISABILITY DISCRIMINATION ACT 1995 | ||
| 650 | _aLANDLORDS OBLIGATIONS | ||
| 650 | _aPROPERTY DEVELOPERS | ||
| 690 | _aPROPERTY-LANDLORD AND TENANT | ||
| 942 | _n0 | ||
| 999 |
_c68235 _d68235 |
||